000 00393nam a2200133Ia 4500
008 100328s9999 xx 000 0 und d
082 _b34935
100 _aअभ्यंकर कुसुम.
245 _aत्यागमूर्ती
260 _bशशीदीप
630 _aत्यागमूर्ती
730 _aत्यागमूर्ती
942 _cBOOK
999 _c524958
_d524955